| 000 | 00532pam a2200193 a 4500 | ||
|---|---|---|---|
| 020 |
_a818061767 X _c895.00 |
||
| 041 |
_aeng _hNULL |
||
| 082 |
_a616.33 _bARO |
||
| 100 | _aARORA, V . | ||
| 245 |
_aPRACTICAL APPROACH TO TUBERCULOSIS MANAGEMENT (WITH CD) / _cNULL. _hTextual Documents |
||
| 260 |
_aNULL : _bJAYPEE BROTHERS MEDICAL PUB. , _c2006. |
||
| 300 |
_a710 : _bxvi ; _cA4 . |
||
| 365 |
_a895.00 _e1 |
||
| 700 | _aARORA, R . | ||
| 907 | _a3604 | ||
| 930 | _a1253 | ||
| 999 |
_c795789 _d795789 |
||
| 650 | _aGEN.MEDICINE | ||